000 00520nam a22001817a 4500
005 20251108170952.0
008 250721s9999 xx 000 0 ara d
082 1 4 _aط/599/توج
100 1 _aتوجرون، مرتين
245 1 0 _aمن أنت ؟ يا حمار الزرد /
264 1 _aبيروت :
_bمكتبة سمير،
300 _a11ص : مص
490 0 _aحيوانات طليقة
650 1 7 _aالثدييات
700 1 _aسماحة، سهيل
_eترجمة
942 _2ddc
_cBK
999 _c53315
_d53315